Al cuerpo lo que pida: representaciones sociales de la sexualidad entre estudiantes de la preparatoria agrícola, UACh. (Record no. 106125)
[ view plain ]
| 000 -CABECERA | |
|---|---|
| campo de control de longitud fija | 02565nam a2200361 a 4500 |
| 001 - NÚMERO DE CONTROL | |
| campo de control | 000109663 |
| 003 - IDENTIFICADOR DEL NÚMERO DE CONTROL | |
| campo de control | CHAP |
| 005 - FECHA Y HORA DE LA ÚLTIMA TRANSACCIÓN | |
| campo de control | 20251201113438.0 |
| 008 - DATOS DE LONGITUD FIJA--INFORMACIÓN GENERAL | |
| campo de control de longitud fija | 140519s2014 mx sm |||||||spa d |
| 040 ## - FUENTE DE LA CATALOGACIÓN | |
| Centro/agencia transcriptor | CHAP |
| 090 ## - LOCALMENTE ASIGNADO TIPO-LC NÚMERO DE CLASIFICACIÓN (OCLC); NÚMERO DE CLASIFICACIÓN LOCAL (RLIN) | |
| Número de clasificación (OCLC) (R) ; Numero de clasificación, CALL (RLIN) (NR) | Tesis |
| 100 1# - ENTRADA PRINCIPAL--NOMBRE DE PERSONA | |
| Nombre de persona | Espinosa Heredia, Lavinia Enid |
| 9 (RLIN) | 126913 |
| 245 10 - MENCIÓN DE TÍTULO | |
| Título | Al cuerpo lo que pida: representaciones sociales de la sexualidad entre estudiantes de la preparatoria agrícola, UACh. |
| Mención de responsabilidad, etc. | por Lavinia Enid Espinosa Heredia; director de tesis María Eugenia Chávez Arellano |
| 264 ## - PRODUCCIÓN, PUBLICACIÓN, DISTRIBUCIÓN, FABRICACIÓN Y COPYRIGHT | |
| Producción, publicación, distribución, fabricación y copyright | Chapingo, México : |
| Nombre del de productor, editor, distribuidor, fabricante | El autor, |
| Fecha de producción, publicación, distribución, fabricación o copyright | 2014. |
| 300 ## - DESCRIPCIÓN FÍSICA | |
| Extensión | 1 recurso electrónico (230 páginas). |
| 336 #1 - TIPO DE CONTENIDO | |
| Fuente | rdacontent |
| Término de tipo de contenido | texto |
| Código de tipo de contenido | txt |
| 337 ## - TIPO DE MEDIO | |
| Fuente | rdacontent |
| Nombre/término del tipo de medio | texto |
| Código del tipo de medio | txt |
| 338 ## - TIPO DE SOPORTE | |
| Fuente | rdamedia |
| Nombre/término del tipo de soporte | computadora |
| Código del tipo de soporte | c |
| 502 ## - NOTA DE TESIS | |
| Tipo de título | Maestría en Ciencias en Sociología Rural |
| Nombre de la institución que otorga el título | Departamento de Sociología Rural, |
| Año de obtención del título | 2014. |
| Información miscelánea | Maestría |
| 520 ## - SUMARIO, ETC. | |
| Sumario, etc. | El presente trabajo hace un análisis sobre las representaciones sociales de la sexualidad que poseen estudiantes de la Preparatoria Agrícola de la Universidad Autónoma Chapingo, a través de la perspectiva de género y considerando el contexto particular del entorno, así como el proceso de adaptación a un nuevo medio durante su llegada y su estancia en la preparatoria. Se utilizó una metodología mixta, predominantemente cualitativa con la finalidad de hacer un análisis más completo sobre las formas de representar a la sexualidad y sus repercusiones. Se aplicaron cuestionarios de asociación libre, talleres y grupos focales, que permitieron la obtención de discursos que fueron analizados bajo un marco sociológico interpretativo. Los resultados obtenidos son un reflejo de la sociedad en la que vivimos hoy en día, de la implantación de la lógica de género, pero también representan el proceso que enfrentan las y los jóvenes al dejar a su familia e incorporarse a una institución en donde pasaran sus siguientes 7 años aproximadamente y muestran las ideas compartidas respecto a diferentes aspectos de la sexualidad, lo que podría ayudar a estructurar programas de educación sexual basados en sus propias necesidades. |
| 650 14 - PUNTO DE ACCESO ADICIONAL DE MATERIA--TÉRMINO DE MATERIA | |
| Término de materia o nombre geográfico como elemento de entrada | Adolescencia. |
| 9 (RLIN) | 954 |
| 650 14 - PUNTO DE ACCESO ADICIONAL DE MATERIA--TÉRMINO DE MATERIA | |
| Término de materia o nombre geográfico como elemento de entrada | Educación sexual. |
| 9 (RLIN) | 35598 |
| 650 14 - PUNTO DE ACCESO ADICIONAL DE MATERIA--TÉRMINO DE MATERIA | |
| Término de materia o nombre geográfico como elemento de entrada | Equidad de género. |
| 9 (RLIN) | 37248 |
| 650 14 - PUNTO DE ACCESO ADICIONAL DE MATERIA--TÉRMINO DE MATERIA | |
| Término de materia o nombre geográfico como elemento de entrada | Sexualidad humana. |
| 9 (RLIN) | 105427 |
| 700 1# - PUNTO DE ACCESO ADICIONAL--NOMBRE DE PERSONA | |
| Nombre de persona | Chávez Arellano, María Eugenia |
| 9 (RLIN) | 22663 |
| Término indicativo de función/relación | director. |
| 856 ## - LOCALIZACIÓN Y ACCESO ELECTRÓNICOS | |
| Identificador Uniforme del Recurso | http://10.13.5.2/tesis/sist109663.pdf |
| Nota pública | DESCARGAR PDF |
| 942 ## - ELEMENTOS DE PUNTO DE ACCESO ADICIONAL (KOHA) | |
| Fuente del sistema de clasificación o colocación | Clasificación Universidad Autónoma Chapingo |
| Tipo de ítem Koha | Tesis digital |
| 590 ## - NOTA LOCAL (RLIN) | |
| Nota local | BATCH-UPD |
| Procedencia (VM) [OBSOLETO] | 05 |
| Condición del los carretes individuales (VM) [OBSOLETO] | 20141002 |
| 590 ## - NOTA LOCAL (RLIN) | |
| Nota local | E5765TAJ |
| Procedencia (VM) [OBSOLETO] | 05 |
| Condición del los carretes individuales (VM) [OBSOLETO] | 20140519 |
| 590 ## - NOTA LOCAL (RLIN) | |
| Nota local | E5765TAJ |
| Procedencia (VM) [OBSOLETO] | 05 |
| Condición del los carretes individuales (VM) [OBSOLETO] | 20140519 |
| Estado de retiro | Estado de pérdida | Fuente del sistema de clasificación o colocación | Estado dañado | Restricciones de uso | No para préstamo | Código de colección | Localización permanente | Ubicación/localización actual | Ubicación en estantería | Fecha de adquisición | Total de préstamos | Signatura topográfica completa | Fecha visto por última vez | Precio válido a partir de | Tipo de ítem Koha |
|---|---|---|---|---|---|---|---|---|---|---|---|---|---|---|---|
| Clasificación Universidad Autónoma de Chapingo | Préstamo interno | Tesis digitales de Maestría | Biblioteca Digital | Biblioteca Digital | En línea | 19/05/2014 | Tesis digital | 31/12/2019 | 19/05/2014 | Tesis digital |
